China vs Vietnam - Statistics

General Stats
  • This quiz has been taken 56 times
  • The average score is 9 of 15
Answer Stats
Question Answer % Correct
Which country are richer? China
100%
Which country is in Southeast Asia? Vietnam
100%
Which country have more Jewish? China
75%
Which country the flag have more star? China
75%
Which country are bigger? China
75%
Which country are better? Vietnam
63%
Which country is more peaceful? Vietnam
63%
Which country have a better government? Vietnam
63%
Which country use VND? Vietnam
63%
Which country is atheist? Both
50%
Which country have more Muslims? China
50%
Which country have highest elevation in the world? China
50%
Which country have Y-DNA haplogroup O2a? Vietnam
38%
Which country are support Israel? Both
25%
Which country have mtDNA haplogroup F? Both
13%
No matching quizzes found
Score Distribution
Percent of People with Each Score
Percentile by Number Answered
Your Score History
You have not taken this quiz